Eleventh Route Pokémon - Statistics

General Stats
  • This quiz has been taken 12 times
  • The average score is 119 of 134
Answer Stats
Game Route Type Answer % Correct
SM 11 Dark/Normal Alolan Raticate
100%
LGPE 11 Ice/Flying Articuno
100%
OrAs 111 Water/Fairy Azumarill
100%
BW2 11 Water/Fairy Azumarill
100%
RSE 111 Ground/Psychic Baltoy
100%
BW 11 Water Basculin
100%
DPP 211 Normal(/Water) Bidoof
100%
Pt 211 Steel/Psychic Bronzor
100%
RSE 111 Grass(/Dark) Cacnea
100%
LGPE 11 Normal Chansey
100%
GSC 40 Water/Rock Corsola
100%
LGPE 11 Dragon/Flying Dragonite
100%
RBY 11 Psychic Drowzee
100%
Y 11 (Trade) Ground Dugtrio
100%
RSE 111 Rock/Ground Geodude
100%
DP 211 Rock/Ground Geodude
100%
OrAs 111 Dragon/Ground Gible
100%
BW 11 Ground/Flying Gligar
100%
FRLG 11 Water/Flying Gyarados
100%
XY 11 Fighting Hariyama
100%
DPP 211 Normal/Flying Hoothoot
100%
C 11 Grass/Flying Hoppip
100%
Y 11 Water(/Dragon) Horsea
100%
BW 11 Bug(/Steel) Karrablast
100%
DPP 211 Fighting Machoke
100%
Pt 211 Fighting Machop
100%
RBY 11 Water(/Flying) Magikarp
100%
GSC 40 Water(/Flying) Magikarp
100%
RSE 111 Water(/Flying) Magikarp
100%
RSE 111 Water/Fairy Marill
100%
BW2 11 Water/Fairy Marill
100%
DPP 211 Fighting/Psychic Meditite
100%
HGSS 11(Sound) Electric Minun
100%
LGPE 11 Fire/Flying Moltres
100%
LGPE 11 Psychic/Fairy Mr. Mime
100%
XY 11 Poison(/Ground) Nidoran
100%
XY 11 Poison(/Ground) Nidoran
100%
RB 11 (Trade) Poison(/Ground) Nidorina
100%
XY 11 Poison(/Ground) Nidorina
100%
C 11 Normal/Flying Noctowl
100%
DPP 211 Normal/Flying Noctowl
100%
SM 11 Fighting(/Dark) Pancham
100%
SM 11(Ally) Fighting/Dark Pangoro
100%
W 11(Swarm) Bug/Grass Paras
100%
SM 11 Bug/Grass Paras
100%
LGPE 11 Normal/Flying Pidgeot
100%
Y 11 Normal/Flying Pidgeotto
100%
Y 11 Normal/Flying Pidgey
100%
HGSS 11(Sound) Electric Plusle
100%
DP 211 Fire Ponyta
100%
Y 11 Normal Raticate
100%
Y 11 Normal Rattata
100%
OrAs 111 Ground/Dark Sandile
100%
LGPE 11 Water(/Dragon) Seadra
100%
RB 11 Water(/Ice) Shellder
100%
BW2 11 Bug Shelmet
100%
HGSS 11(Sound) Electric Shinx
100%
GSC 40 Bug/Rock Shuckle
100%
RB 11 Normal/Flying Spearow
100%
XY 11 Poison/Dark Stunky
100%
RS 111 Bug/Water Surskit
100%
DP 211(Radar) Normal/Flying(Dragon) Swablu
100%
Y 11 Water/Poison Tentacool
100%
GSC 40 Water/Poison Tentacool
100%
LGPE 11 Water/Poison Tentacruel
100%
GSC 40 Water/Poison Tentacruel
100%
RSE 111 Ground(/Dragon) Trapinch
100%
SM 11 Normal/Flying Trumbeak
100%
LGPE 11 Electric/Flying Zapdos
100%
DPP 211 Poison/Flying Zubat
100%
BW 11 Grass/Poison Amoonguss
86%
BW 11 Normal Audino
86%
RSE 111 Water/Ground Barboach
86%
BW 11 Dark/Steel Bisharp
86%
W 11 Normal/Flying Braviary
86%
LGPE 11 Fire/Flying Charizard
86%
XY 11 Electric/Fairy Dedenne
86%
OrAs 111 Bug/Rock Dwebble
86%
R 11 Poison Ekans
86%
BW 11 Ground/Flying Gliscor
86%
RBY 11 Water Goldeen
86%
E 111 Water Goldeen
86%
BW 11 Water Goldeen
86%
DPP 211 Rock/Ground Graveler
86%
HGSS 11 Bug/Fighting Heracross
86%
GSC 11 Electric/Steel Magnemite
86%
B 11 Dark/Flying Mandibuzz
86%
OrAs 111 Bug/Flying Masquerain
86%
BW2 11 Bug/Flying Masquerain
86%
USUM 11(Isl.Scan) Fire/Fighting Monferno
86%
SM 11 Grass/Fairy Morelull
86%
LG 11 Poison(/Ground) Nidorino
86%
XY 11 Poison(/Ground) Nidorino
86%
USUM 11 Grass/Bug Parasect
86%
BW 11 Dark/Steel Pawniard
86%
RBY 11 Water(/Fighting) Poliwag
86%
FR 11 Water Psyduck
86%
W 11 Normal/Flying Rufflet
86%
BW 11 Water Seaking
86%
USUM 11 Grass/Fairy Shiinotic
86%
B 11(Swarm) Grass(/Fighting) Shroomish
86%
LG 11 Water/Psychic Slowpoke
86%
XY 11 Normal/Flying Staravia
86%
XY 11 Normal/Flying Starly
86%
GSC 40 Water(/Psychic) Staryu
86%
B 11 Dark/Flying Vullaby
86%
SM 11 Bug/Poison Ariados
71%
DPP 211 Psychic Chingling
71%
XY 11 Psychic Chingling
71%
HGSS 11 Bug/Flying Combee
71%
BW 11 Electric/Flying Emolga
71%
BW 11 Water Golduck
71%
SM 11 Normal Gumshoos
71%
GSC 11 Psychic Hypno
71%
GSC 40 Water Kingler
71%
RB 11 Water Krabby
71%
GSC 40 Water Krabby
71%
SM 11 Bug/Flying Ledian
71%
C 11 Normal Meowth
71%
B 11 Ground Sandshrew
71%
RSE 111 Ground Sandshrew
71%
X 11 Fighting Sawk
71%
Y 11 Fighting Throh
71%
USUM 11(Ally) Normal/Flying Toucannon
71%
BW2 11 Grass/Fighting Virizion
71%
BW 11 Water Buizel
57%
BW 11 Water Floatzel
57%
SM 11 Normal Komala
57%
BW 11 Poison Seviper
57%
DPP 211(Radar) Fighting Tyrogue
57%
BW 11 Normal Zangoose
57%
HGSS 11 Normal Snorlax
43%
DPP 211(Slot) Normal Teddiursa
29%
SM 11(Isl.Scan) Normal Vigoroth
29%
No matching quizzes found
Score Distribution
Percent of People with Each Score
Percentile by Number Answered
Your Score History
You have not taken this quiz